El cristianismo: esencia e historia
Guardat en:
| Autor principal: | |
|---|---|
| Format: | Llibre |
| Idioma: | espanyol |
| Publicat: |
Madrid
Trotta
1997
|
| Edició: | 1a. ed |
| Matèries: | |
| Etiquetes: |
Afegir etiqueta
Sense etiquetes, Sigues el primer a etiquetar aquest registre!
|
MARC
| LEADER | 00000nam a2200000 a 4500 | ||
|---|---|---|---|
| 001 | UCR9014 | ||
| 003 | CL-VaPUC | ||
| 008 | 980605e19970000SP |||||||||||||||||spa|d | ||
| 082 | 0 | 4 | |a 270 |b KUN |2 21 |
| 100 | |a Küng, Hans |e author |9 416134 | ||
| 245 | 1 | 3 | |a El cristianismo: esencia e historia |
| 250 | |a 1a. ed | ||
| 300 | |a 950 p | ||
| 942 | |c BK | ||
| 945 | |d 19980605 00:00:00 |a aalvarez | ||
| 260 | |a Madrid |b Trotta |c 1997 | ||
| 650 | 0 | |a Cristianismo |9 257361 | |
| 650 | 0 | |a Historia |9 255047 | |
| 650 | 0 | |a Filosofía cristiana |9 265980 | |
| 583 | |a last modification |c 19980605 00:00:00 |k Rodrigo Vera | ||
| 999 | |c 270264 |d 270262 | ||
| 952 | |0 0 |1 0 |4 0 |6 270_000000000000000_KUN_1997 |7 0 |8 A |9 304446 |a BIBTEO |b BIBTEO |d 2019-11-20 |i 3421198 |o 270 KUN 1997 |p 3421198 |r 2025-01-17 |w 2019-11-20 |y BK |k ICR | ||